| 000 | 00843cam a2200289 a 4500 | ||
|---|---|---|---|
| 001 | 555 | ||
| 003 | BD-RjUL | ||
| 005 | 20211208233211.0 | ||
| 008 | 13118 s1939 enk 001 0 eng d | ||
| 035 | _a(BD-RjUL)572 | ||
| 035 | _a(OCoLC)4158401 | ||
| 040 |
_aDLC _cCoDU _dBD-RjUL _beng |
||
| 041 | _aeng | ||
| 082 |
_a023 _216 _bMcL 1939 |
||
| 100 | 1 |
_aMcColvin, Lionel R. _q(Lionel Roy), _d1896-1976. _91699 |
|
| 245 | 1 | 0 |
_aLibrary staffs / _cLionel R. McColvin. |
| 260 |
_aLondon : _bG. Allen & Unwin, ltd., _c1939. |
||
| 300 |
_a136 p. ; _c19 cm. |
||
| 490 | 1 |
_aHalf-title: Practical library handbooks ; _vno. 8 |
|
| 500 | _a"First published in 1939." | ||
| 650 | 0 |
_aLibrarians. _91700 |
|
| 830 | 0 |
_vno. 8. _9116008 |
|
| 830 | 0 |
_aPractical library handbooks ; _9116009 |
|
| 942 |
_2ddc _cBK |
||
| 999 |
_c555 _d555 |
||